| 000 | 00815 a2200241 4500 | ||
|---|---|---|---|
| 003 | CBULib | ||
| 005 | 20250317081222.0 | ||
| 008 | 241021b |||||||| |||| 00| 0 eng d | ||
| 020 | _a9780128009697 | ||
| 040 |
_bEnglish _cCBULib _erda |
||
| 050 | _aQH 506 Del | ||
| 100 | _aDeLong, Robert K. | ||
| 245 |
_aIntroductory experiments on biomolecules and their interactions _c/ by Robert K.DeLong Qiongqiong Zhou |
||
| 260 |
_bElsevier, _c2015 _aBoston : |
||
| 300 | _axxviii, 94 pages : illustrations | ||
| 336 |
_2rdacontent _aText | _btxt |
||
| 337 |
_2rdamedia _aUnmediated | _bn |
||
| 338 |
_2rdacarrier _aVolume _bnc |
||
| 500 | _aIncludes an index | ||
| 650 | 0 |
_93763 _aBIOMOLECULES - ANALYSIS - LABORATORY MANUALS |
|
| 650 | 0 |
_93766 _aMOLECULE - MOLECULE COLLISIONS - LABORATORY MANUALS |
|
| 942 |
_2lcc _c002 |
||
| 999 |
_c85613 _d85613 |
||